Manual sobre el enfoque de riesgo en la atención maternoinfantil / (Registro nro. 2412)
[ vista simple ]
| 000 -LEADER | |
|---|---|
| fixed length control field | 01255nam a2200277 a 4500 |
| 005 - FECHA ULTIMA MODIFICACION | |
| control field | 20240521084741.0 |
| 008 - CAMPO DE CONTROL (LIBRO) | |
| fixed length control field | 100406s1985||||xu f |||| 001 0 spa d |
| 020 ## - INTERNATIONAL STANDARD BOOK NUMBER | |
| ISBN | 927571010 |
| 041 ## - CODIGO DE IDIOMA | |
| Código de idioma del texto/pista de sonido o título separado | spa |
| 092 ## - SIGNATURA TOPOGRAFICA DEWEY LOCAL | |
| número de clasificación | 618.2 |
| libristica | 62 |
| sección | OPS |
| 110 1# - ENTRADA PRINCIPAL-AUTOR CORPORATIVO | |
| Nombre de la institución, jurisdicción como entrada principal | OPS |
| 9 (RLIN) | 62 |
| Información adicional | Organización Panamericana de la Salud. |
| 245 ## - TITULO PROPIAMENTE DICHO | |
| Título | Manual sobre el enfoque de riesgo en la atención maternoinfantil / |
| Mención de responsabilidad y remanente de la transcripción de la portada | Organización Panamericana de la Salud. |
| 250 ## - MENCION DE EDICION | |
| Mención de edición | 1a ed. |
| 260 ## - PIE DE IMPRENTA | |
| Lugar de publicación, distribución, etc | Washington: |
| Nombre de la editorial, distribuidor, etc | OPS; |
| Fecha de publicación | 1985. |
| 300 ## - DESCRIPCION FISICA | |
| Extension | 265 p. |
| 500 ## - NOTA GENERAL | |
| Nota general | Organización Panamericana de la Salud. (1985). Manual sobre el enfoque de riesgo en la atención maternoinfantil. (1a ed.). Washington : OPS. |
| 653 ## - TÉRMINO INDIZADO - PALABRAS CLAVES | |
| Palabra clave | Introducción al documento de trabajo |
| 653 ## - TÉRMINO INDIZADO - PALABRAS CLAVES | |
| Palabra clave | Meta de "Salud para todos en el año 2000" y la estrategia de atención primaria de la salud |
| 653 ## - TÉRMINO INDIZADO - PALABRAS CLAVES | |
| Palabra clave | Enfoque de riesgo en la atención a la salud |
| 653 ## - TÉRMINO INDIZADO - PALABRAS CLAVES | |
| Palabra clave | Identificación de los problemas prioritarios de salud |
| 653 ## - TÉRMINO INDIZADO - PALABRAS CLAVES | |
| Palabra clave | Instrumentos epidemiológicos empleados en el enfoque de riesgo |
| 653 ## - TÉRMINO INDIZADO - PALABRAS CLAVES | |
| Palabra clave | Análisis de los sistemas de salud |
| 653 ## - TÉRMINO INDIZADO - PALABRAS CLAVES | |
| Palabra clave | Desarrollo de intervención basada en el enfoque de riesgo |
| 653 ## - TÉRMINO INDIZADO - PALABRAS CLAVES | |
| Palabra clave | Evaluación de las intervenciones basadas en el enfoque de riesgo |
| 942 ## - ADDED ENTRY ELEMENTS (KOHA) | |
| Source of classification or shelving scheme | Dewey Decimal Classification |
| Item type | Libros |
| Estado de retiro | Existencia | Fuente de clasificación | Estado general | No para prestamo | Ubicación permanente | ubicación actual | Sala de ubicación | Fecha de adquisición | Fuente de adquisición | Total Checkouts | Número de clasificación | Código de barras | Date last seen | Número de ejemplar | Price effective from | Koha tipo de elemento (item) | Public note |
|---|---|---|---|---|---|---|---|---|---|---|---|---|---|---|---|---|---|
| Dewey Decimal Classification | Biblioteca Medicina | Biblioteca Medicina | Circulación | 12/05/2017 | Donación Fabiana Garavaglia, Mayo 2017 | 618.2 62 OPS | 3864 | 12/05/2017 | Ej.1 | 12/05/2017 | Libros | Donación Fabiana Garavaglia, Mayo 2017 |